University Home | Library Home | Institutional Repository

Depreciation accounting and economic analysis. (Record no. 63020)

MARC details
000 -LEADER
fixed length control field 00756cam0a220024100 4500
001 - CONTROL NUMBER
control field lce01148986
008 - FIXED-LENGTH DATA ELEMENTS--GENERAL INFORMATION
fixed length control field 700312s1968 ja a 000 0 eng
010 ## - LIBRARY OF CONGRESS CONTROL NUMBER
LC control number 79448061
015 ## - NATIONAL BIBLIOGRAPHY NUMBER
National bibliography number Ja69***
020 ## - INTERNATIONAL STANDARD BOOK NUMBER
Terms of availability unpriced
035 ## - SYSTEM CONTROL NUMBER
System control number (Sirsi) r119537
035 ## - SYSTEM CONTROL NUMBER
System control number (DLC) 79448061
035 ## - SYSTEM CONTROL NUMBER
System control number (UPRA)lce01148986
050 0# - LIBRARY OF CONGRESS CALL NUMBER
Classification number HF5681.D5
Item number M55
082 ## - DEWEY DECIMAL CLASSIFICATION NUMBER
Classification number 657.3
100 1# - MAIN ENTRY--PERSONAL NAME
Personal name Minemura, Shinkichi.
Linkage A85034.1
245 10 - TITLE STATEMENT
Title Depreciation accounting and economic analysis.
260 ## - PUBLICATION, DISTRIBUTION, ETC.
Place of publication, distribution, etc. Tokyo,
Name of publisher, distributor, etc. Society of Business and Commerce, Keio University,
Date of publication, distribution, etc. 1968.
440 #0 - SERIES STATEMENT/ADDED ENTRY--TITLE
Title Keio monographs of business and commerce ;
Volume/sequential designation 2
Linkage S10113.1
650 #0 - SUBJECT ADDED ENTRY--TOPICAL TERM
Topical term or geographic name entry element Depreciation.
Linkage S61190.1
949 ## - LOCAL PROCESSING INFORMATION (OCLC)
a HF5681.D5
w lcc
c 1
i -172114
m MAIN
p 1500
t BOOK
l ON-SHELF

No items available.

© 2026 - The University of Zambia Library - Koha v25.11